| 000 | 00425nam a22001697a 4500 | ||
|---|---|---|---|
| 005 | 20260415123241.0 | ||
| 008 | 260415b |||||||| |||| 00| 0 eng d | ||
| 020 | _a9780333778227 | ||
| 050 |
_aHB31 _bK68 |
||
| 100 | _aKoutsoyiannis, A. | ||
| 245 | _aTheory of Econometrics | ||
| 250 | _a2nd | ||
| 260 |
_aNew York _bPalgrave Macmilan _c1977 |
||
| 300 |
_axvii, 681p. _bill |
||
| 650 | _aEconomics, Mathematics | ||
| 942 | _cBK | ||
| 999 |
_c4636 _d4636 |
||